Joueurs français passés par l'Inter Milan - Statistiques

Statistiques générales
  • Ce quiz a été pris 83 fois
  • Le résultat moyen est 5 sur 27
Statistiques - réponses
Années Matchs Nom % Correct
2023- 95 Marcus Thuram
97%
2023- 69 Benjamin Pavard
94%
2006-2010 91 Patrick Vieira
68%
1996-1999 127 Youri Djorkaeff
60%
1999-2001 86 Laurent Blanc
45%
2006-2009 51 Olivier Dacourt
31%
1998-2001 47 Sébastien Frey
23%
2006-2009 50 Jonathan Biabiany
17%
1997-2001 147 Benoît Cauet
16%
2001-2003 66 Stéphane Dalmat
14%
2019-2024 4 Lucien Agoumé
12%
1996-1997 0 Misha Djorkaeff
8%
1998-1999 31 Mikaël Silvestre
6%
1998-1999 18 Ousmane Dabo
6%
1998-2000 2 Zoumana Camara
6%
2003-2005 26 Sabri Lamouchi
5%
2014-2015 14 Yann M'Vila
5%
2017-2020 18 Yann Karamoh
4%
2016-2021 1 Axel Bakayoko
3%
2003-2004 0 Jérémie Bréchet
3%
1953-1955 25 Antoine Bonifaci
0%
2015-2016 0 Dylan Alexis Romney
0%
2024- 0 Issiaka Kamate
0%
2000-2004 0 Julien Brellier
0%
2006-2008 0 Loic Lumbilla Kandja
0%
2003-2004 0 Mathieu Moreau
0%
2000-2002 0 Stéphane Biakolo
0%
Aucun quiz correspondant
Distribution des résultats
% des personnes avec chaque résultat
Percentile par nombre de réponses
Votre historique - résultats
Vous n’avez pas pris ce quiz